00802nam a2200181 a 450000100100000000500170001000800410002704000250006808200160009310000310010924501470014026000330028730000210032070000280034195201140036995201200048399900170060300003678020200930075930.0120131s1987 mx 000 0 spa d aDO-SdBNPbspacBNPHU axxxxbF855s1 aFreeman, Richard B.94979213aEl sindicalismo en los Estados Unidos :b¿ayudan o perjudican los Sindicatos a la clase trabajadora? /cRichard B. Freeman y James L. Medoff. aNueva York :bEdamex,c1987. a361 p. ;c20 cm.1 aMedoff, James L.963117 001050718MOaGRbGRcCTd2012-01-31iLF1l0oxxxx F855sp36780-10r2020-06-25w2020-06-25y1ZNo se presta 001050718MOaGRbGRcCTd2012-01-31iLF1l0oxxxx F855sp36780-20r2020-06-25te. 2w2020-06-25y1ZNo se presta c36271d36271